Mort, funerailles, deuil, et culte des ancêtres chez les populations du Kwango/Bas-Kwilu : (Record no. 127937)
[ view plain ]
| 000 -LEADER | |
|---|---|
| fixed length control field | 01552cam a2200313 i 4500 |
| 001 - CONTROL NUMBER | |
| control field | 457922 |
| 003 - CONTROL NUMBER IDENTIFIER | |
| control field | ARRUPE |
| 005 - DATE AND TIME OF LATEST TRANSACTION | |
| control field | 20180413102224.0 |
| 008 - FIXED-LENGTH DATA ELEMENTS--GENERAL INFORMATION | |
| fixed length control field | 820430s1969 cg b 101 0 fre |
| 010 ## - LIBRARY OF CONGRESS CONTROL NUMBER | |
| LC control number | 82462798 |
| 040 ## - CATALOGING SOURCE | |
| Original cataloging agency | DLC |
| Transcribing agency | DLC |
| Modifying agency | DLC |
| 041 0# - LANGUAGE CODE | |
| Language code of text/sound track or separate title | frenic |
| 043 ## - GEOGRAPHIC AREA CODE | |
| Geographic area code | f-cg--- |
| 050 00 - LIBRARY OF CONGRESS CALL NUMBER | |
| Classification number | BL2470.Z2 |
| Item number | S45 1967 |
| 082 00 - DEWEY DECIMAL CLASSIFICATION NUMBER | |
| Classification number | 299/.6975116 |
| Edition number | 19 |
| 300 ## - PHYSICAL DESCRIPTION | |
| Dimensions | 26 cm. |
| 111 2# - MAIN ENTRY--MEETING NAME | |
| Meeting name or jurisdiction name as entry element | Semaine d'études ethno-pastorales, |
| Number of part/section/meeting | 3d, |
| Location of meeting | Bandundu, Zaire, |
| Date of meeting | 1967. |
| 9 (RLIN) | 41524 |
| 245 00 - TITLE STATEMENT | |
| Title | Mort, funerailles, deuil, et culte des ancêtres chez les populations du Kwango/Bas-Kwilu : |
| Remainder of title | rapports et compte rendu de la IIIème Semaine d'études ethno-pastorales, Bandundu, 1967 / |
| Statement of responsibility, etc | Semaine d'Etudes Ethno-Patorales bandundu 1967 |
| 260 ## - PUBLICATION, DISTRIBUTION, ETC. (IMPRINT) | |
| Place of publication, distribution, etc | Bandundu, Congo-Kinshasa : |
| Name of publisher, distributor, etc | Centre D'Etudes Ethnologiques, |
| Date of publication, distribution, etc | c1967. |
| 300 ## - PHYSICAL DESCRIPTION | |
| Extent | 239 p. ; |
| 490 1# - SERIES STATEMENT | |
| Series statement | Publications du Centre d'Études Ethnologiques : Série I ; |
| Volume number/sequential designation | v. 3 |
| 500 ## - GENERAL NOTE | |
| General note | Original texts with French translation included in "Le culte des ancêtres chez les yaka" (p. [138]-197) by H. Van Roy. |
| 504 ## - BIBLIOGRAPHY, ETC. NOTE | |
| Bibliography, etc | Includes bibliographies and index. |
| 650 #0 - SUBJECT ADDED ENTRY--TOPICAL TERM | |
| Topical term or geographic name as entry element | Funeral rites and ceremonies |
| Geographic subdivision | Congo (Democratic Republic) |
| Form subdivision | Congresses. |
| 9 (RLIN) | 41525 |
| 651 #0 - SUBJECT ADDED ENTRY--GEOGRAPHIC NAME | |
| Geographic name | Congo (Democratic Republic) |
| General subdivision | Religion |
| Form subdivision | Congresses. |
| 9 (RLIN) | 41526 |
| 710 2# - ADDED ENTRY--CORPORATE NAME | |
| Corporate name or jurisdiction name as entry element | Ceeba. |
| 9 (RLIN) | 38719 |
| 740 0# - ADDED ENTRY--UNCONTROLLED RELATED/ANALYTICAL TITLE | |
| Uncontrolled related/analytical title | Mort, funerailles, deuil et culte des ancêtres ... |
| 810 2# - SERIES ADDED ENTRY--CORPORATE NAME | |
| Corporate name or jurisdiction name as entry element | Ceeba. |
| Title of a work | Publications du Centre d'études ethnologiques : |
| Number of part/section/meeting | Série 1 ; |
| Volume/sequential designation | v. 3. |
| 9 (RLIN) | 41527 |
| 906 ## - LOCAL DATA ELEMENT F, LDF (RLIN) | |
| a | 7 |
| b | cbc |
| c | orignew |
| d | 5 |
| e | ncip |
| f | 19 |
| g | y-gencatlg |
| 942 ## - ADDED ENTRY ELEMENTS (KOHA) | |
| Source of classification or shelving scheme | Library of Congress Classification |
| Koha item type | Monograph ( Printed materials) |
| Withdrawn status | Lost status | Source of classification or shelving scheme | Damaged status | Not for loan | Collection code | Home library | Current library | Shelving location | Date acquired | Total Checkouts | Full call number | Barcode | Date last seen | Price effective from | Koha item type |
|---|---|---|---|---|---|---|---|---|---|---|---|---|---|---|---|
| Library of Congress Classification | Main Collection | ARRUPE LIBRARY | ARRUPE LIBRARY | Main Collection | 13/04/2018 | BL2470.Z2 S45 1967 | 46600001572 | 13/04/2018 | 13/04/2018 | Monograph ( Printed materials) |